Ugli dľa koksovanija.

Uložené v:
Podrobná bibliografia
Hlavný autor: Ševčenko, Je. P.
Médium: Kniha
Jazyk:Slovak
Vydané: Moskva, 1955.
Fyzický popis: 31 s.
Tagy: Pridať tag
Žiadne tagy, Buďte prvý kto otaguje tento záznam!

MARC

LEADER 00000nam a22000004a 4500
001 000620656
005 20190807094237.0
008 190807s1955 xo e 000 0 slo d
040 |a SVKKK  |b slo  |c SVKKK  |e AACR2 
100 1 |a Ševčenko, Je. P. 
245 1 0 |a Ugli dľa koksovanija. 
260 |a Moskva,  |c 1955. 
300 |a 31 s. 
500 |a Záznam revízie 
910 |a svkkk 
998 |a BK 
090 |g SCKHL  |k Sklad Pribinova 2. posch.  |a III.25896  |j 114581  |i 2720669826  |4 Vyradená  |s Vyradená